El diseño industrial /
Obra en que se estudia el desarrollo del diseño industrial a lo largo del siglo XX, así como el impacto social de éste: se revisan tanto los condicionantes estéticos, tecnológicos y sociales como el desarrollo de la disciplina. Es por ello, que el libro inicia con una definición del diseño industria...
Guardado en:
| Hovedforfatter: | |
|---|---|
| Andre forfattere: | , , |
| Format: | Bog |
| Sprog: | spansk |
| Udgivet: |
Barcelona, España :
Salvat,
1974, c1973
|
| Serier: | (Biblioteca Salvat de Grandes Temas ;
59) |
| Fag: | |
| Tags: |
Ingen Tags, Vær først til at tagge denne postø!
|
MARC
| LEADER | 00000nam^a2200000^a^4500 | ||
|---|---|---|---|
| 001 | 000152561 | ||
| 005 | 20250521000000.0 | ||
| 009 | 20260310100248.317 | ||
| 020 | |a 84-345-7417-9 | ||
| 037 | |a Acervo ITESO - Biblioteca | ||
| 041 | |a ESP | ||
| 082 | |a 086. 1 |b SAL V. 59 | ||
| 100 | |a Mañá, Jordi |e (autor) | ||
| 240 | 1 | 1 | |a [Biblioteca Salvat de grandes temas] |
| 245 | 1 | 3 | |a El diseño industrial / |c J. Mañá, E. Sottsass ; dir. de M. Salvat ; dir. editorial de J. Marco. |
| 264 | 4 | |a Barcelona, España : |b Salvat, |c 1974, c1973 | |
| 300 | |a 142 p. | ||
| 336 | |a texto |b txt |2 rdacontenido | ||
| 337 | |a sin mediación |b n |2 rdamedio | ||
| 338 | |a volumen |b nc |2 rdasoporte | ||
| 440 | 1 | |a (Biblioteca Salvat de Grandes Temas ; |v 59) | |
| 520 | |a Obra en que se estudia el desarrollo del diseño industrial a lo largo del siglo XX, así como el impacto social de éste: se revisan tanto los condicionantes estéticos, tecnológicos y sociales como el desarrollo de la disciplina. Es por ello, que el libro inicia con una definición del diseño industrial para seguir con la de los objetos; posteriormente, analiza éstos como signos y pasa revista a las tendencias en el mundo preindustrial, bajo el estilo "Arts and Crafts" y el Art Nouveau, el Bauhaus, durante la segunda guerra mundial y la posguerra, hasta mediados de los años setenta. En cuanto al desarrollo de la disciplina, analiza la praxis del diseño, el trabajo de diseñar, las técnicas auxiliares, la biónica, la pedagogía y el futuro del diseño. | ||
| 649 | |a XX | ||
| 650 | |a Arquitectos Italianos - |x Entrevistas | ||
| 650 | |a Diseñadores Industriales Italianos - |x Entrevistas | ||
| 650 | |a Art Nouveau | ||
| 650 | |a Bauhaus | ||
| 650 | |a Decoración y Ornamentación | ||
| 650 | |a Arte Moderno | ||
| 650 | |a Desarrollo de Productos Nuevos | ||
| 650 | |a Diseño Gráfico | ||
| 650 | |a Diseño Industrial | ||
| 650 | |a Ingeniería Industrial | ||
| 650 | |a Sociedad Industrial | ||
| 650 | |a Tecnología y Sociedad | ||
| 650 | |a Arte y Sociedad | ||
| 650 | |a Sottsass, Ettore | ||
| 700 | |a Sottsass, Ettore |e (autor) | ||
| 700 | |a Salvat, Manuel |e (dirección) | ||
| 700 | |a Marco, Joaquín |e (dirección editorial) | ||
| 910 | |a Fondo General | ||
| 920 | |a Impresos - Libros | ||
| 930 | |a Obras de Referencia | ||
| 905 | |a 102 | ||
| 901 | |a 0500081239 |b IT2 |c REF |u 20250521 | ||
| 901 | |a 0500081236 |b IT2 |c REF |u 20250521 | ||
| 902 | |a https://opac.biblio.iteso.mx/vufind/Record/000152561 | ||